JR東日本の車両センター+α - Statistics

General Stats
  • This quiz has been taken 292 times
  • The average score is 15 of 41
Answer Stats
支社名 答え % Correct
千葉 幕張車両センター
66%
東京 東京総合車両センター
63%
水戸 勝田車両センター
62%
豊田車両センター
62%
国府津車両センター
61%
横浜 鎌倉車両センター
60%
高崎 高崎車両センター
59%
新幹線 新幹線総合車両センター
58%
新潟 新潟車両センター
55%
仙台 仙台車両センター
55%
盛岡 盛岡車両センター
54%
大宮 小山車両センター
54%
川越車両センター
50%
八王子 三鷹車両センター
49%
長野 長野総合車両センター
48%
京葉車両センター
47%
松戸車両センター
43%
さいたま車両センター
43%
松本車両センター
42%
尾久車両センター
38%
長野新幹線車両センター
37%
新潟新幹線車両センター
36%
ぐんま車両センター
33%
山形新幹線車両センター
29%
秋田新幹線車両センター
28%
郡山総合車両センター
28%
鎌倉車両センター中原支所
24%
長岡車両センター
23%
大宮車両センター東大宮センター
17%
新津運輸区
17%
小牛田運輸区
15%
仙台車両センター宮城野派出所
14%
幕張車両センター木更津派出
13%
秋田 秋田車両センター南秋田センター
11%
水郡線統括センター
11%
一ノ関運輸区
10%
小海線統括センター
10%
八戸運輸区
9%
盛岡車両センター青森派出所
9%
郡山総合車両センター郡山派出所
7%
郡山総合車両センター会津若松派出所
7%
No matching quizzes found
Score Distribution
Percent of People with Each Score
Percentile by Number Answered
Your Score History
You have not taken this quiz